| 000 | 00917cab a22002055a 4500 | ||
|---|---|---|---|
| 001 | L142419 | ||
| 008 | 080213s2008 xxk f 000 0 eng d | ||
| 035 | _a(Sirsi) u142419 | ||
| 041 | 0 | _aeng | |
| 100 | 1 | _aDyson, Andrew | |
| 245 | 0 | 0 |
_aData security and protection _byour responsibility |
| 260 | _c2008 | ||
| 490 |
_aThe Estate Agent _vFebruary 2008, 34-35(2) |
||
| 520 | _aProvides an overview, aimed at estate agents, of the responsibilities organisations face in respect of protecting personal information. Provides an overview of the legal framework established by the Data Protection Act 1998. These responsibilities have been thrown into sharp focus by recent failings at both HM Revenue and Customs and Nationwide Building Society. | ||
| 590 | _aKA | ||
| 650 | 2 | 4 | _aDATA PROTECTION ACT 1998 |
| 651 | 4 |
_aUnited Kingdom _y |
|
| 690 | _aMANAGEMENT-BUSINESS MANAGEMENT-INFORMATION MANAGEMENT | ||
| 942 | _n0 | ||
| 999 |
_c79802 _d79802 |
||